The European Union in the 1990s
Αποθηκεύτηκε σε:
| Κύριος συγγραφέας: | |
|---|---|
| Μορφή: | Βιβλίο |
| Γλώσσα: | English |
| Δημοσίευση: |
Oxford :
Oxford University Press,
1996
|
| Θέματα: | |
| Ετικέτες: |
Προσθήκη ετικέτας
Δεν υπάρχουν, Καταχωρήστε ετικέτα πρώτοι!
|
MARC
| LEADER | 00000cam a2200000 i 4500 | ||
|---|---|---|---|
| 001 | 1/56121 | ||
| 008 | 980504s1996 eng d | ||
| 020 | |a 0198781857 | ||
| 035 | |l 10027969 | ||
| 040 | |a GR-MY-UA |b gre |e aacr | ||
| 041 | 0 | |a eng | |
| 082 | 0 | |a 341.242 | |
| 100 | 1 | |a Taylor, Paul Graham. | |
| 245 | 1 | 4 | |a The European Union in the 1990s / |c Paul Taylor |
| 260 | |a Oxford : |b Oxford University Press, |c 1996 | ||
| 300 | |a 204 p. | ||
| 504 | |a Includes bibliography and index | ||
| 651 | 0 | |a European Union countries |x Politics and government. | |
| 852 | |a INST |b CHIOS |e 19980504 |h 341.242 TAY |p 005200016608 |q 005200016608 |t BK |y 0 | ||
| 901 | |a BIBL-1998-2 | ||
| 909 | |a Χ |b 054438 | ||
| 922 | |a 2ΕΛΗ |b 199803 |c ΤΔΕ |d ΠΑΠΑΣΩΤΗΡΙΟΥ | ||